Alpha-methylenic reactivity in olefinic and polyolefinic systems;The course and mechanism of autoxidation reactions in olefinic and polyolefinic substances, including rubber;Ionic and radical mechanisms in olefinic systems,with special reference to processes of double-bond desplacement, vulcanisation and photo gelling(British Rubber Producers Research Association Publication No 26) (Record no. 46242)

MARC details
000 -LEADER
fixed length control field 00739nam a2200145Ia 4500
100 ## - MAIN ENTRY--AUTHOR NAME
Personal name Farmer EH
245 #0 - TITLE STATEMENT
Title Alpha-methylenic reactivity in olefinic and polyolefinic systems;The course and mechanism of autoxidation reactions in olefinic and polyolefinic substances, including rubber;Ionic and radical mechanisms in olefinic systems,with special reference to processes of double-bond desplacement, vulcanisation and photo gelling(British Rubber Producers Research Association Publication No 26)
260 ## - PUBLICATION, DISTRIBUTION, ETC. (IMPRINT)
Name of publisher Transactions of the Faraday Society, No 254. Part 8
Year of publication 1942
300 ## - PHYSICAL DESCRIPTION
Number of Pages 342-361
700 ## - ADDED ENTRY--PERSONAL NAME
Personal name Bloomfield GF
700 ## - ADDED ENTRY--PERSONAL NAME
Personal name Sundralingam A
700 ## - ADDED ENTRY--PERSONAL NAME
Personal name Sutton DA
942 ## - ADDED ENTRY ELEMENTS (KOHA)
Koha item type Reprints
Holdings
Withdrawn status Lost status Damaged status Not for loan Home library Current library Date acquired Serial Enumeration / chronology Koha item type
      Reprints RRII Library RRII Library 22/12/2021 Volume XXXVI, Issue II Reprints